Normal view
MARC view
Entry Personal Name
001 - CONTROL NUMBER
- control field: 1255
003 - CONTROL NUMBER IDENTIFIER
- control field: dpl
005 - DATE AND TIME OF LATEST TRANSACTION
- control field: 20100724143549.0
008 - FIXED-LENGTH DATA ELEMENTS
- fixed length control field: 100724|||a|||||| | ||| d
040 ## - CATALOGING SOURCE
- Original cataloging agency: dpl
- Transcribing agency: dpl
100 ## - HEADING--PERSONAL NAME
- Personal name: Kerr, Ian J.
670 ## - SOURCE DATA FOUND
- Source citation: Work cat.: (dpl): 27 Down:
670 ## - SOURCE DATA FOUND
- Source citation: Work cat.: (dpl): 27 Down:
